| 000 | 00856nam a22002657a 4500 | ||
|---|---|---|---|
| 001 | 8428 | ||
| 003 | FISKH | ||
| 005 | 20250911131906.0 | ||
| 008 | 250911b cb ||||| |||| 00| 0 eng d | ||
| 020 | _a9781338120455 | ||
| 040 |
_aFISKH _beng _cFISKH _dFISKH |
||
| 050 | _a PZ7.P75186 A | ||
| 082 | _a813.6 | ||
| 100 | _aPolacco, Patricia | ||
| 245 |
_aAn A from Miss Keller / _cBy Patricia Polacco |
||
| 250 | _aFirst Scholastic printing, September 2016 | ||
| 260 |
_aNew York : _bScholastic , _c2015. |
||
| 300 |
_a40 unnumbered pages : _bcolor illustrations ; _c28 cm . |
||
| 505 | _aR | ||
| 520 | _aTrisha wants to write something that will please her demanding writing teacher, who is rumored to have never given a student an A. | ||
| 521 | 8 |
_a700
_bLexile |
|
| 521 | 8 |
_aR
_bRaz-Plus |
|
| 942 |
_2ddc _cBK _n0 |
||
| 999 |
_c8428 _d8428 |
||